| 000 | 01537cam a22002891 4500 | ||
|---|---|---|---|
| 001 | agr42000353 | ||
| 003 | DLC | ||
| 005 | 20260227111001.0 | ||
| 008 | 840125m19421961dcu f000 0 eng | ||
| 010 | _aagr42000353 | ||
| 040 |
_aDLC/ICU _cICU _dDLC |
||
| 050 | 0 | 0 |
_aZ5358.A12 _bB5 |
| 051 |
_aS21 _b.A46 no. 401, etc. _cCopy 2. |
||
| 082 | 0 | 0 | _a016.5819 |
| 100 | 1 |
_aBlake, S. F. _q(Sidney Fay), _d1892-1959. |
|
| 245 | 1 | 0 |
_aGeographical guide to floras of the world, _ban annotated list with special reference to useful plants and common plant names. |
| 260 |
_aWashington, _bFor sale by the Superintendent of Documents, U.S. Govt. Print. Off., _c1942-1961. |
||
| 300 |
_a2 v. _c24 cm. |
||
| 490 | 1 |
_aU.S. Dept. of Agriculture. Miscellaneous publication _vno. 401, 797 |
|
| 500 | _aRunning title: Floras of the world. | ||
| 500 | _aJoint contribution from Bureau of Plant Industry and U.S. Dept. of Agriculture Library. | ||
| 505 | 0 | _aI. Africa, Australia, North America, South America, and islands of the Atlantic, Pacific, and Indian oceans, by S.F. Blake and Alice C. Atwood.--II. Western Europe: Finland, Sweden, Norway, Denmark, Iceland, Great Britain with Ireland, Netherlands, Belgium, Luxembourg, France, Spain, Portugal, Andorra, Monaco, Italy, San Marino, and Switzerland. | |
| 650 | 0 |
_aBotany _xBibliography. |
|
| 700 | 1 |
_aAtwood, Alice C. _q(Alice Cary), _d1876-1947, _ejoint author. |
|
| 740 | 0 | _aFloras of the world. | |
| 830 | 0 |
_aMiscellaneous publication (United States. Department of Agriculture) ; _vno. 401, 797. |
|
| 999 |
_c10207 _d10207 |
||